000 00423nam a2200169Ia 4500
001 18003
003 IN-NITTTR
005 20251114233210.0
008 251113s9999||||xx |||||||||||||| ||eng||
040 _beng
040 _cIN-NITTTR
041 _aeng
082 _a004.68 C452D
100 _aChorafas, Dimitris N.
245 0 _aDesigning and implementing local area networks /
_cChorafas, Dimitris N.
942 _2ddc
_cBK
999 _c20637
_d20637